00373nam a2200145Ia 4500008004100000020001800041041000800059082001500067100002200082245005100104250001200155260003400167300000900201650001700210260223s2024 xx 000 0 und d a9789393885050 aeng a610.73/AUR aAurasang Changiri aFundamentals of Nursing Practical Record Book. a2nd ed. aB.S.B. PunebEMMESS,Pubc2024 a429P aFundamentals